书目信息 |
| 题名: |
中国长笛曲选
|
|
| 作者: | 乐新 编著 | |
| 分册: | 钢琴伴奏谱·长笛分谱·CD | |
| 出版信息: | 北京 人民音乐出版社 2005 |
|
| 页数: | 163页 | |
| 开本: | 31cm | |
| 丛书名: | ||
| 单 册: | ||
| 中图分类: | J647.11 | |
| 科图分类: | ||
| 主题词: | 长笛--器乐曲--中国--选集 , 长笛 , 器乐曲 | |
| 电子资源: | ||
| ISBN: | 7-103-02932-6 | |
| 000 | 00914ncm0 2200265 450 | |
| 001 | 002850850 | |
| 005 | 20070805170001.04 | |
| 010 | @a7-103-02932-6@dCNY57.00(全2册) | |
| 100 | @a20050421d2005 em y0chiy0110 ea | |
| 101 | 0 | @achi |
| 102 | @aCN@b110000 | |
| 105 | @ag z 000yy | |
| 200 | 1 | @a中国长笛曲选@9zhong guo chang di qu xuan@i钢琴伴奏谱·长笛分谱·CD@f乐新编著 |
| 210 | @a北京@c人民音乐出版社@d2005 | |
| 215 | @a163页@d31cm@e光盘2片 | |
| 307 | @a附光盘:ISRC CN-M26-04-337-01 | |
| 330 | @a本长笛曲包含:小河淌水、杨柳青、快乐的女战士、小小鱼儿粉红腮、渔舟唱晚、村笛、夕阳箫鼓、大净等25支曲子。 | |
| 510 | 1 | @aCollection of Chinese Music for Flute@iPiano Score/Part of Flute/CD@zeng |
| 606 | 0 | @a长笛@x器乐曲@y中国@j选集 |
| 606 | 0 | @a长笛 |
| 606 | 0 | @a器乐曲 |
| 690 | @aJ647.11@v4 | |
| 701 | 0 | @a乐新@9yue xin@c(长笛教学)@4编著 |
| 801 | 0 | @aCN@bNLC@c20070805 |
| 905 | @a10447@dJ647.11@e118 | |
| 中国长笛曲选.钢琴伴奏谱·长笛分谱·CD/乐新编著.-北京:人民音乐出版社,2005 |
| 163页;31cm+光盘2片 |
| ISBN 7-103-02932-6:CNY57.00(全2册) |
| 本长笛曲包含:小河淌水、杨柳青、快乐的女战士、小小鱼儿粉红腮、渔舟唱晚、村笛、夕阳箫鼓、大净等25支曲子。 |
| ● |
| 相关链接 |
|
|
|
|
正题名:中国长笛曲选
索取号:J647.11/118
 
预约/预借
| 序号 | 登录号 | 条形码 | 馆藏地/架位号 | 状态 | 备注 |
| 1 | 0809038 | 208090386 | 第一样本阅览室/ [索取号:J647.11/118] | 在馆 | |
| 2 | 0809039 | 208090395 | 第一借阅区/ [索取号:J647.11/118] | 在馆 | |
| 3 | 0809040 | 208090402 | 第一借阅区/ [索取号:J647.11/118] | 在馆 | |
| 4 | 0809041 | 208090411 | 第一借阅区/ [索取号:J647.11/118] | 在馆 | |
| 5 | 0809042 | 208090420 | 密集书库-音乐系/ [索取号:J647.11/118] | 在馆 |